[Event "DFMM-LV"]
[Site "Braunfels"]
[Date "2013.06.01"]
[Round "4.1"]
[White "Zimmer, Elke"]
[Black "Kashlinskaya, Alina"]
[Result "0-1"]
[WhiteElo "1926"]
[BlackElo "2329"]
[PlyCount "58"]
[EventDate "2013.05.30"]
[EventType "team-swiss"]
[EventCountry "GER"]
[WhiteTeam "Saarland"]
[BlackTeam "Wuerttemberg"]
[WhiteTeamCountry "GER"]
[BlackTeamCountry "GER"]

1. e4 e5 2. Nf3 Nc6 3. Bc4 Nf6 4. d3 Be7 5. Nc3 d6 6. Nd5 Nxd5 7. Bxd5 O-O 8.
Be3 Bf6 9. Qd2 Ne7 10. Bb3 d5 11. O-O-O a5 12. a3 a4 13. Ba2 Be6 14. Bg5 Ng6
15. Bxf6 Qxf6 16. Ng5 c6 17. h4 Rad8 18. g3 h6 19. Nxe6 fxe6 20. Rh2 dxe4 21.
Qb4 exd3 22. cxd3 b5 23. Qc5 Kh8 24. Kb1 e4 25. d4 Ne5 26. Ka1 Nd3 27. Qxc6
Qxd4 28. f3 exf3 29. Qc2 Nb4 0-1

[Event "DFMM-LV"]
[Site "Braunfels"]
[Date "2013.06.01"]
[Round "4.3"]
[White "Noll, Sonja"]
[Black "Gusakovskaya, Yana"]
[Result "0-1"]
[WhiteElo "1844"]
[BlackElo "2065"]
[PlyCount "84"]
[EventDate "2013.05.30"]
[EventType "team-swiss"]
[EventCountry "GER"]
[WhiteTeam "Saarland"]
[BlackTeam "Wuerttemberg"]
[WhiteTeamCountry "GER"]
[BlackTeamCountry "GER"]

1. Nf3 g6 2. e4 c5 3. d4 cxd4 4. Qxd4 Nf6 5. e5 Nc6 6. Qa4 Ng8 7. Nc3 Bg7 8.
Bf4 Nh6 9. Bb5 O-O 10. O-O a6 11. Nd5 Rb8 12. Bxh6 Bxh6 13. Qh4 Kg7 14. Bd3 e6
15. Qxd8 Rxd8 16. Nf6 Nxe5 17. Nxe5 Kxf6 18. Ng4+ Kg7 19. f4 f5 20. Nxh6 Kxh6
21. Rfe1 Kg7 22. Re3 Kf6 23. Rae1 b5 24. b3 b4 25. Re5 Rb6 26. Bc4 Bb7 27. Rd1
g5 28. g3 Be4 29. Ra5 gxf4 30. gxf4 Bxc2 31. Rd2 Be4 32. Rxa6 Rxa6 33. Bxa6 d5
34. Rd4 Rb8 35. Kf2 e5 36. fxe5+ Kxe5 37. Rd2 Rg8 38. Bf1 Rc8 39. Bg2 Rc2 40.
Rxc2 Bxc2 41. Bf1 Bb1 42. a4 bxa3 0-1

[Event "DFMM-LV"]
[Site "Braunfels"]
[Date "2013.06.01"]
[Round "4.4"]
[White "Zeller, Elisa"]
[Black "Ramm, Madlen"]
[Result "1-0"]
[WhiteElo "1896"]
[BlackElo "1532"]
[PlyCount "71"]
[EventDate "2013.05.30"]
[EventType "team-swiss"]
[EventCountry "GER"]
[WhiteTeam "Wuerttemberg"]
[BlackTeam "Saarland"]
[WhiteTeamCountry "GER"]
[BlackTeamCountry "GER"]

1. e4 d5 2. exd5 Qxd5 3. Nc3 Qd6 4. d4 Nf6 5. Nf3 c6 6. g3 Bg4 7. Bg2 e6 8. Bf4
Qd8 9. Qd2 Bb4 10. Ne5 Bf5 11. a3 Ba5 12. b4 Bc7 13. b5 Nd5 14. bxc6 bxc6 15.
Nxd5 cxd5 16. O-O O-O 17. g4 Bxe5 18. gxf5 Bxf4 19. Qxf4 Nd7 20. fxe6 fxe6 21.
Qd6 Re8 22. Rae1 Qe7 23. Qxe7 Rxe7 24. Bxd5 Rae8 25. Bb3 Kf8 26. f4 Nf6 27. Rf2
Nd5 28. Re5 Nf6 29. Rfe2 Nd5 30. f5 Nf4 31. R2e3 Nd5 32. Re1 Nf4 33. Rf1 Nh3+
34. Kg2 Ng5 35. fxe6+ Kg8 36. Rxg5 1-0

[Event "DFMM-LV"]
[Site "Braunfels"]
[Date "2013.06.01"]
[Round "4.5"]
[White "Weinmann, Helene"]
[Black "Gabriel, Marina"]
[Result "0-1"]
[WhiteElo "1681"]
[BlackElo "1955"]
[PlyCount "100"]
[EventDate "2013.05.30"]
[EventType "team-swiss"]
[EventCountry "GER"]
[WhiteTeam "Saarland"]
[BlackTeam "Wuerttemberg"]
[WhiteTeamCountry "GER"]
[BlackTeamCountry "GER"]

1. d4 Nf6 2. Nf3 c5 3. c3 e6 4. e3 d5 5. Bd3 Bd6 6. Nbd2 Nbd7 7. O-O O-O 8. e4
dxe4 9. Nxe4 Nxe4 10. Bxe4 Nf6 11. Bc2 h6 12. Be3 c4 13. Ne5 Qc7 14. Bf4 b5 15.
Re1 Bb7 16. Bg3 Bd5 17. Qe2 Rad8 18. Rad1 Qb7 19. f3 Nh5 20. f4 Nxg3 21. hxg3
f6 22. Nf3 Rfe8 23. Qf2 Qc7 24. Kh2 g5 25. f5 h5 26. fxe6 h4 27. Ne5 fxe5 28.
dxe5 Bc5 29. Qf6 Qg7 30. Bf5 Be7 31. Qxg7+ Kxg7 32. gxh4 gxh4 33. Kh3 Kh8 34.
Rd4 Bc5 35. Rxh4+ Kg8 36. Rg4+ Kh8 37. Rg6 Re7 38. Rh6+ Kg8 39. Rf1 Rde8 40.
Rg6+ Rg7 41. Kg4 Bxg2 42. Rd1 Rxg6+ 43. Bxg6 Rxe6 44. Kf5 Bh3+ 45. Kg5 Rxe5+
46. Kf4 Re7 47. Rd5 Be3+ 48. Kg3 Bd7 49. Bc2 Rg7+ 50. Kh4 Bf2+ 0-1

[Event "DFMM-LV"]
[Site "Braunfels"]
[Date "2013.06.01"]
[Round "4.6"]
[White "Weber, Sandra"]
[Black "Alt, Barbara"]
[Result "1-0"]
[WhiteElo "1766"]
[BlackElo "1212"]
[PlyCount "31"]
[EventDate "2013.05.30"]
[EventType "team-swiss"]
[EventCountry "GER"]
[WhiteTeam "Wuerttemberg"]
[BlackTeam "Saarland"]
[WhiteTeamCountry "GER"]
[BlackTeamCountry "GER"]

1. e4 Nc6 2. Nf3 f5 3. exf5 d5 4. d4 Bxf5 5. Bb5 Qd7 6. Ne5 Qd6 7. Nc3 Nf6 8.
O-O e6 9. Bf4 Nd7 10. Ng6 e5 11. Nxe5 Ncxe5 12. Bxe5 Qg6 13. Nxd5 Bd6 14. Nxc7+
Bxc7 15. Bxc7 Rc8 16. Re1+ 1-0

[Event "DFMM-LV"]
[Site "Braunfels"]
[Date "2013.06.01"]
[Round "4.7"]
[White "Tinnes, Marie Christine"]
[Black "Heil, Marina"]
[Result "0-1"]
[WhiteElo "1116"]
[BlackElo "1828"]
[PlyCount "46"]
[EventDate "2013.05.30"]
[EventType "team-swiss"]
[EventCountry "GER"]
[WhiteTeam "Saarland"]
[BlackTeam "Wuerttemberg"]
[WhiteTeamCountry "GER"]
[BlackTeamCountry "GER"]

1. d4 Nf6 2. Nf3 g6 3. g3 Bg7 4. Bg2 O-O 5. O-O d6 6. Nbd2 Nbd7 7. b3 c5 8. e3
Rb8 9. Bb2 Qc7 10. c4 e6 11. Qc2 b6 12. Rac1 Bb7 13. Rfe1 Rbc8 14. a3 cxd4 15.
exd4 d5 16. cxd5 Qxc2 17. Rxc2 Rxc2 18. Nc4 Bxd5 19. Nfe5 Bxg2 20. Kxg2 b5 21.
Nd6 Rxb2 22. Nexf7 Rxf7 23. Rc1 Rf8 0-1

[Event "DFMM-LV"]
[Site "Braunfels"]
[Date "2013.06.01"]
[Round "4.8"]
[White "Yusuphanova, Sadi Carolin"]
[Black "Lassotta, Anja"]
[Result "1-0"]
[WhiteElo "1917"]
[BlackElo "878"]
[PlyCount "63"]
[EventDate "2013.05.30"]
[EventType "team-swiss"]
[EventCountry "GER"]
[WhiteTeam "Wuerttemberg"]
[BlackTeam "Saarland"]
[WhiteTeamCountry "GER"]
[BlackTeamCountry "GER"]

1. c4 e5 2. Nc3 d6 3. Nf3 Nc6 4. g3 Be6 5. b3 Nf6 6. Bg2 Qd7 7. h4 h6 8. d4 e4
9. d5 exf3 10. dxc6 bxc6 11. Bxf3 Rb8 12. Be3 a5 13. Qd4 d5 14. c5 Be7 15. O-O
Rg8 16. Qa4 Ng4 17. Bxg4 Bxg4 18. Qxa5 Bf6 19. Bf4 Kd8 20. f3 Be6 21. Rad1 g5
22. hxg5 hxg5 23. Bc1 Kc8 24. Kf2 d4 25. Ne4 Rg6 26. Nxf6 Rxf6 27. Rh1 Kb7 28.
Qb4+ Ka7 29. Qa4+ Kb7 30. Rxd4 Bd5 31. Rb4+ Kc8 32. Rh8+ 1-0

[Event "DFMM-LV"]
[Site "Braunfels"]
[Date "2013.06.02"]
[Round "5.1"]
[White "Kashlinskaya, Alina"]
[Black "Paehtz, Elisabeth"]
[Result "0-1"]
[WhiteElo "2329"]
[BlackElo "2466"]
[PlyCount "120"]
[EventDate "2013.05.30"]
[EventType "team-swiss"]
[EventCountry "GER"]
[WhiteTeam "Wuerttemberg"]
[BlackTeam "Baden"]
[WhiteTeamCountry "GER"]
[BlackTeamCountry "GER"]

1. d4 d6 2. Nf3 g6 3. g3 Bg7 4. Bg2 Nf6 5. c4 O-O 6. Nc3 c6 7. O-O Qb6 8. h3
Qa6 9. b3 b5 10. Nd2 Bb7 11. Bb2 Nbd7 12. e4 Qb6 13. Qe2 b4 14. Na4 Qa5 15. e5
Ne8 16. f4 Nb6 17. Nxb6 Qxb6 18. Kh2 Rd8 19. f5 Bc8 20. fxg6 hxg6 21. Nf3 Nc7
22. Qe4 Ne6 23. Qh4 dxe5 24. dxe5 Qc5 25. Rae1 Rd3 26. Bc1 Rfd8 27. Bg5 Bf8 28.
Re4 Ng7 29. g4 Ne6 30. Bh6 Bg7 31. Bxg7 Kxg7 32. Qg3 Nd4 33. Rxd4 R8xd4 34. Qf2
Be6 35. Nxd4 Rxd4 36. Qe2 a5 37. Re1 Rd8 38. Kg3 a4 39. Qe3 Qxe3+ 40. Rxe3 c5
41. Kf2 Rd1 42. Re1 Rxe1 43. Kxe1 a3 44. Be4 f5 45. exf6+ exf6 46. Kf2 f5 47.
gxf5 gxf5 48. Bc2 Kf6 49. h4 Bf7 50. Bd1 f4 51. Be2 Kf5 52. Bd1 Ke5 53. h5 Kd4
54. h6 Bg8 55. Kf3 Kc3 56. Kxf4 Kb2 57. Kg5 Bh7 58. Kf6 Kxa2 59. Kg7 Bb1 60.
Bh5 Kxb3 0-1

[Event "DFMM-LV"]
[Site "Braunfels"]
[Date "2013.06.02"]
[Round "5.2"]
[White "Kiefhaber, Veronika"]
[Black "Gheng, Simona"]
[Result "1/2-1/2"]
[WhiteElo "2211"]
[BlackElo "2025"]
[PlyCount "77"]
[EventDate "2013.05.30"]
[EventType "team-swiss"]
[EventCountry "GER"]
[WhiteTeam "Baden"]
[BlackTeam "Wuerttemberg"]
[WhiteTeamCountry "GER"]
[BlackTeamCountry "GER"]

1. e4 c5 2. c3 d6 3. d4 cxd4 4. cxd4 g6 5. Nc3 Bg7 6. h3 a6 7. Nf3 Nf6 8. Be3
O-O 9. Be2 b5 10. a3 Bb7 11. d5 Nbd7 12. Nd4 Rc8 13. O-O Nc5 14. Bf3 Nfd7 15.
b4 Na4 16. Nxa4 bxa4 17. Qxa4 Rc4 18. Qd1 Ne5 19. Be2 Rc7 20. Qb3 Qa8 21. Rac1
Rfc8 22. a4 Rxc1 23. Rxc1 Rxc1+ 24. Bxc1 f5 25. Nc6 fxe4 26. Bg5 Nf7 27. Bxe7
Bxc6 28. dxc6 Qxc6 29. Bh4 Be5 30. Bg3 Bxg3 31. Qxg3 Qxa4 32. Qc3 d5 33. Bg4
Qe8 34. Qf6 e3 35. Qxa6 d4 36. Qc4 exf2+ 37. Kxf2 Qe3+ 38. Kf1 Kg7 39. b5
1/2-1/2

[Event "DFMM-LV"]
[Site "Braunfels"]
[Date "2013.06.02"]
[Round "5.3"]
[White "Gusakovskaya, Yana"]
[Black "Rubina, Tatiana"]
[Result "1-0"]
[WhiteElo "2065"]
[BlackElo "1980"]
[PlyCount "103"]
[EventDate "2013.05.30"]
[EventType "team-swiss"]
[EventCountry "GER"]
[WhiteTeam "Wuerttemberg"]
[BlackTeam "Baden"]
[WhiteTeamCountry "GER"]
[BlackTeamCountry "GER"]

1. e4 e6 2. d3 d5 3. Nd2 Nf6 4. Ngf3 b6 5. Qe2 Be7 6. g3 Bb7 7. Bg2 c5 8. O-O
Nc6 9. e5 Nd7 10. Re1 Qc7 11. c4 Nf8 12. h4 O-O-O 13. Nf1 h6 14. a3 Kb8 15. Bd2
Bc8 16. Rab1 f6 17. exf6 gxf6 18. cxd5 Rxd5 19. Bc3 Rd8 20. Rbc1 Ba6 21. Red1
Qd7 22. Qe4 Bb7 23. Bxf6 Nd4 24. Be5+ Ka8 25. Nxd4 Rg8 26. Qxb7+ Qxb7 27. Bxb7+
Kxb7 28. Nf3 Ng6 29. d4 cxd4 30. Rc7+ Ka6 31. Bxd4 e5 32. Nxe5 Nxe5 33. Rxe7
Nf3+ 34. Kg2 Nxd4 35. Ne3 Rg6 36. Nc2 Nc6 37. Rxd8 Nxe7 38. Rd7 Nc6 39. Rd5 Re6
40. Nd4 Nxd4 41. Rxd4 Re2 42. Rb4 Kb7 43. Kf3 Rc2 44. Rb3 a6 45. g4 Rc8 46. Kf4
Rc2 47. f3 Rh2 48. h5 Rd2 49. Kf5 Kc6 50. f4 Rh2 51. Kg6 Rg2 52. g5 1-0

[Event "DFMM-LV"]
[Site "Braunfels"]
[Date "2013.06.02"]
[Round "5.4"]
[White "Vollstaedt Klein, Sabine"]
[Black "Zpevakova, Jana"]
[Result "0-1"]
[WhiteElo "1902"]
[BlackElo "1924"]
[PlyCount "82"]
[EventDate "2013.05.30"]
[EventType "team-swiss"]
[EventCountry "GER"]
[WhiteTeam "Baden"]
[BlackTeam "Wuerttemberg"]
[WhiteTeamCountry "GER"]
[BlackTeamCountry "GER"]

1. e4 e6 2. d4 d5 3. Nc3 Bb4 4. exd5 exd5 5. Nf3 Ne7 6. a3 Bd6 7. Nb5 O-O 8.
Bd3 Bf5 9. O-O Bxd3 10. Qxd3 Ng6 11. Nxd6 Qxd6 12. Re1 Nc6 13. Bg5 f6 14. Bd2
a6 15. h4 Rfe8 16. g3 Qd7 17. Kg2 Nce7 18. Rh1 Nf5 19. Rae1 Nd6 20. h5 Nf8 21.
Nh4 Rxe1 22. Rxe1 Re8 23. b3 Qf7 24. Qf3 Rxe1 25. Bxe1 Nb5 26. Qg4 Qe6 27. Nf5
g6 28. Bb4 Qxf5 29. Qe2 Qe4+ 30. Qxe4 dxe4 31. hxg6 hxg6 32. d5 Nd7 33. c3 Kf7
34. a4 Nd6 35. c4 Nf5 36. Bc3 Nc5 37. b4 Nxa4 38. Bd2 Nb6 39. g4 Nxc4 40. Bf4
Nfd6 41. Kf1 Nb6 0-1

[Event "DFMM-LV"]
[Site "Braunfels"]
[Date "2013.06.02"]
[Round "5.5"]
[White "Zeller, Elisa"]
[Black "Schneider, Birgit"]
[Result "1/2-1/2"]
[WhiteElo "1896"]
[BlackElo "2044"]
[PlyCount "92"]
[EventDate "2013.05.30"]
[EventType "team-swiss"]
[EventCountry "GER"]
[WhiteTeam "Wuerttemberg"]
[BlackTeam "Baden"]
[WhiteTeamCountry "GER"]
[BlackTeamCountry "GER"]

1. e4 c5 2. b3 Nc6 3. Bb2 d6 4. f4 Nf6 5. Nc3 a6 6. Nf3 e6 7. Be2 Be7 8. O-O
Nd4 9. d3 O-O 10. e5 Nxf3+ 11. Bxf3 dxe5 12. fxe5 Nd5 13. Nxd5 exd5 14. d4 Be6
15. Kh1 Rc8 16. c4 Qd7 17. dxc5 dxc4 18. Qxd7 Bxd7 19. Bxb7 Rxc5 20. Bd4 Rc7
21. Bxa6 cxb3 22. axb3 Be6 23. Rfb1 Rb8 24. Bd3 Rd7 25. Rd1 Rxd4 26. Bxh7+ Kxh7
27. Rxd4 Rxb3 28. Re1 Rb2 29. h3 Rb5 30. Rde4 Rb2 31. R4e2 Rxe2 32. Rxe2 Kg6
33. g4 Kg5 34. Kh2 Kf4 35. Rf2+ Kxe5 36. Kg3 g6 37. h4 Bb4 38. Re2+ Kf6 39. Re4
Bd6+ 40. Kh3 Bd7 41. Re1 Be5 42. Rf1+ Ke6 43. Rd1 f5 44. h5 f4 45. h6 Bh8 46.
g5 Ke7+ 1/2-1/2

[Event "DFMM-LV"]
[Site "Braunfels"]
[Date "2013.06.02"]
[Round "5.6"]
[White "Wiesner, Paula"]
[Black "Gabriel, Marina"]
[Result "1/2-1/2"]
[WhiteElo "1831"]
[BlackElo "1955"]
[PlyCount "151"]
[EventDate "2013.05.30"]
[EventType "team-swiss"]
[EventCountry "GER"]
[WhiteTeam "Baden"]
[BlackTeam "Wuerttemberg"]
[WhiteTeamCountry "GER"]
[BlackTeamCountry "GER"]

1. d4 Nf6 2. c4 c5 3. Nf3 e6 4. Nc3 cxd4 5. Nxd4 a6 6. e4 Qc7 7. Be2 Bb4 8. Qc2
Qe5 9. Be3 Qxe4 10. Bd3 Qe5 11. O-O-O Nc6 12. Nf3 Qa5 13. Na4 b5 14. Nb6 Rb8
15. a3 Be7 16. c5 b4 17. a4 b3 18. Qc4 Qb4 19. Nxc8 Qxc4+ 20. Bxc4 Rxc8 21.
Bxa6 Rc7 22. Kb1 Ne4 23. Rc1 Na5 24. Nd2 Nxc5 25. Bc4 Rb7 26. Bxc5 Bxc5 27.
Bxe6 fxe6 28. Rxc5 Nc6 29. f3 O-O 30. Ne4 Ra7 31. Rc4 Na5 32. Rc3 Rb8 33. Nc5
Kf7 34. Rd1 d5 35. Re1 Rb6 36. Rce3 Re7 37. f4 Nc4 38. Rc3 Rb4 39. Kc1 Na5 40.
Kd2 Rxf4 41. Nxb3 Nxb3+ 42. Rxb3 Rxa4 43. Rf3+ Ke8 44. Rfe3 Kd7 45. Re5 Rf4 46.
R1e2 g6 47. Kc3 Rf5 48. b4 Rxe5 49. Rxe5 Kd6 50. Re2 Rb7 51. Rb2 e5 52. Kd3 Rf7
53. h3 d4 54. Rc2 Rc7 55. Rb2 Kd5 56. b5 e4+ 57. Ke2 Rb7 58. b6 Kc5 59. Rc2+
Kxb6 60. Rc4 Rd7 61. Kd2 Kb5 62. Rc1 Rd5 63. Rc7 h5 64. Re7 e3+ 65. Kd3 Kc5 66.
Re8 Rd6 67. Re4 Kc6 68. Re7 Kc5 69. Re4 Rd5 70. Re8 Rd6 71. Re4 Kb4 72. Re8 Rd5
73. Rb8+ Rb5 74. Re8 Rd5 75. Rb8+ Kc5 76. Re8 1/2-1/2

[Event "DFMM-LV"]
[Site "Braunfels"]
[Date "2013.06.02"]
[Round "5.7"]
[White "Zpevakova, Katerina"]
[Black "Franzenburg, Maria"]
[Result "1-0"]
[WhiteElo "1909"]
[BlackElo "1900"]
[PlyCount "95"]
[EventDate "2013.05.30"]
[EventType "team-swiss"]
[EventCountry "GER"]
[WhiteTeam "Wuerttemberg"]
[BlackTeam "Baden"]
[WhiteTeamCountry "GER"]
[BlackTeamCountry "GER"]

1. e4 e6 2. d3 d5 3. exd5 exd5 4. g3 Bc5 5. Bg2 Nf6 6. d4 Be7 7. Ne2 O-O 8. O-O
Nc6 9. c3 Bf5 10. h3 Qd7 11. g4 Be4 12. f3 Bxb1 13. Rxb1 Ne8 14. Ng3 Nd6 15. f4
Bh4 16. Qd3 Bxg3 17. Qxg3 Ne4 18. Qd3 Rae8 19. f5 f6 20. h4 Nd8 21. Bf4 c6 22.
Rbe1 Nd6 23. b3 N8f7 24. c4 dxc4 25. bxc4 Rxe1 26. Rxe1 Re8 27. Rd1 Re7 28. c5
Nb5 29. d5 cxd5 30. Bxd5 Kf8 31. Qb3 Qe8 32. Be6 Ne5 33. Bxe5 fxe5 34. Re1 Nd4
35. Qd5 Nxe6 36. fxe6 Rxe6 37. Qxb7 Re7 38. Qd5 g6 39. c6 Qc8 40. Rf1+ Kg7 41.
Qf3 Qd8 42. Qf6+ Kg8 43. c7 Qd4+ 44. Rf2 Qxg4+ 45. Kh2 Re8 46. Qf7+ Kh8 47.
Qxe8+ Kg7 48. Qf8# 1-0

[Event "DFMM-LV"]
[Site "Braunfels"]
[Date "2013.06.02"]
[Round "5.8"]
[White "Wodzinski, Kristin"]
[Black "Yusuphanova, Sadi Carolin"]
[Result "0-1"]
[WhiteElo "1643"]
[BlackElo "1917"]
[PlyCount "72"]
[EventDate "2013.05.30"]
[EventType "team-swiss"]
[EventCountry "GER"]
[WhiteTeam "Baden"]
[BlackTeam "Wuerttemberg"]
[WhiteTeamCountry "GER"]
[BlackTeamCountry "GER"]

1. d4 Nf6 2. Nf3 g6 3. c4 Bg7 4. Nc3 O-O 5. e4 d6 6. Be2 Nbd7 7. h3 e5 8. d5
Nc5 9. Qc2 a5 10. Bg5 h6 11. Be3 Qe7 12. g4 Nh7 13. O-O-O Bd7 14. Rdg1 Rfb8 15.
h4 c6 16. Qd2 b5 17. Bxh6 b4 18. Nd1 Nxe4 19. Qe3 cxd5 20. Bxg7 Kxg7 21. g5 Bf5
22. h5 d4 23. Nxd4 exd4 24. Qxd4+ Qe5 25. Qe3 Nexg5 26. Qd2 Qe4 27. Bd3 Qxd3
28. Qxd3 Bxd3 29. Ne3 Be4 30. Ng2 b3 31. axb3 Rxb3 32. hxg6 fxg6 33. f4 Nh3 34.
f5 Nxg1 35. Rxg1 Rg3 36. f6+ Nxf6 0-1

[Event "DFMM-LV"]
[Site "Braunfels"]
[Date "2013.06.02"]
[Round "5.1"]
[White "Jussupow, Nadia"]
[Black "Zimmer, Elke"]
[Result "0-1"]
[WhiteElo "2173"]
[BlackElo "1926"]
[PlyCount "114"]
[EventDate "2013.05.30"]
[EventType "team-swiss"]
[EventCountry "GER"]
[WhiteTeam "Bayern"]
[BlackTeam "Saarland"]
[WhiteTeamCountry "GER"]
[BlackTeamCountry "GER"]

1. e4 d5 2. exd5 Qxd5 3. Nc3 Qa5 4. d4 c6 5. Bc4 Nf6 6. Bd2 Bg4 7. f3 Bh5 8.
Qe2 Qc7 9. O-O-O e6 10. h4 h6 11. Nh3 Bd6 12. g4 Bg6 13. h5 Bh7 14. Ne4 Nxe4
15. fxe4 Nd7 16. g5 O-O-O 17. Rhf1 b5 18. Bb3 a5 19. a3 a4 20. Ba2 Nb6 21. Ba5
Kb7 22. d5 Ka6 23. Bxb6 Kxb6 24. dxe6 fxe6 25. Bxe6 Qe7 26. Qf2+ Bc5 27. Qf7
Qxf7 28. Bxf7 Bxe4 29. Rfe1 Bf3 30. Rd3 Rxd3 31. cxd3 Rf8 32. g6 Bxh5 33. Kc2
Rd8 34. Nf4 Bg4 35. Ne6 Bxe6 36. Rxe6 Rd6 37. Rxd6 Bxd6 38. d4 h5 39. Kd3 Kc7
40. Be6 Bf4 41. d5 c5 42. Bh3 Kd6 43. Bg2 Be5 44. Kc2 c4 45. Kc1 h4 46. Kc2 Kc5
47. Kc1 Bd6 48. Kc2 Kd4 49. Kd2 Ke5 50. Kc3 Kf6 51. Bh3 Kxg6 52. Kd4 Kf6 53.
Ke4 g5 54. Bd7 Be5 55. Bxb5 h3 56. Kf3 g4+ 57. Kf2 g3+ 0-1

[Event "DFMM-LV"]
[Site "Braunfels"]
[Date "2013.06.02"]
[Round "5.3"]
[White "Ankerst, Milka"]
[Black "Noll, Sonja"]
[Result "1-0"]
[WhiteElo "2084"]
[BlackElo "1844"]
[PlyCount "55"]
[EventDate "2013.05.30"]
[EventType "team-swiss"]
[EventCountry "GER"]
[WhiteTeam "Bayern"]
[BlackTeam "Saarland"]
[WhiteTeamCountry "GER"]
[BlackTeamCountry "GER"]

1. e4 Nf6 2. e5 Nd5 3. c4 Nb6 4. d4 d6 5. exd6 exd6 6. Nc3 Be7 7. Be2 O-O 8.
Be3 N8d7 9. Nf3 f5 10. Qd2 Nf6 11. Qc2 c6 12. d5 cxd5 13. Bxb6 Qxb6 14. cxd5
Bd7 15. O-O Rac8 16. Qd2 Rc5 17. Nd4 Rfc8 18. Rac1 Qa5 19. Nb3 Rxd5 20. Nxd5
Qxd5 21. Rxc8+ Bxc8 22. Qxd5+ Nxd5 23. Bc4 Be6 24. Re1 Kf7 25. Nd4 b5 26. Bb3
Bd7 27. Bxd5+ Kf6 28. Nc6 1-0

[Event "DFMM-LV"]
[Site "Braunfels"]
[Date "2013.06.02"]
[Round "5.4"]
[White "Ramm, Madlen"]
[Black "Vidonyak, Nellya"]
[Result "0-1"]
[WhiteElo "1532"]
[BlackElo "2124"]
[PlyCount "40"]
[EventDate "2013.05.30"]
[EventType "team-swiss"]
[EventCountry "GER"]
[WhiteTeam "Saarland"]
[BlackTeam "Bayern"]
[WhiteTeamCountry "GER"]
[BlackTeamCountry "GER"]

1. e4 a6 2. Nc3 b5 3. d4 Bb7 4. Bd3 Nf6 5. a3 g6 6. Nf3 Bg7 7. O-O O-O 8. h3 d6
9. Be3 Nbd7 10. e5 dxe5 11. Nxe5 Nxe5 12. dxe5 Nd5 13. Be4 Nxe3 14. Qxd8 Raxd8
15. Bxb7 Nxf1 16. Kxf1 Bxe5 17. Re1 Bxc3 18. bxc3 Rb8 19. Bxa6 Rb6 20. Rxe7
Rxa6 0-1

[Event "DFMM-LV"]
[Site "Braunfels"]
[Date "2013.06.02"]
[Round "5.5"]
[White "Dirmeier, Carolin"]
[Black "Weinmann, Helene"]
[Result "1/2-1/2"]
[WhiteElo "2030"]
[BlackElo "1681"]
[PlyCount "65"]
[EventDate "2013.05.30"]
[EventType "team-swiss"]
[EventCountry "GER"]
[WhiteTeam "Bayern"]
[BlackTeam "Saarland"]
[WhiteTeamCountry "GER"]
[BlackTeamCountry "GER"]

1. e4 e5 2. Nf3 Nc6 3. d4 exd4 4. Nxd4 Bc5 5. Nxc6 Qf6 6. Qd2 dxc6 7. Bd3 Be6
8. Qe2 O-O-O 9. Nc3 Bd4 10. Bd2 Nh6 11. f3 Rhe8 12. a3 Nf5 13. O-O-O Nd6 14. f4
Qe7 15. e5 Nf5 16. g4 Nh4 17. h3 Bxc3 18. Bxc3 Bd5 19. Be4 Ng6 20. Qe3 Kb8 21.
Rhe1 Rd7 22. f5 Nf8 23. Bxd5 cxd5 24. Bb4 Qd8 25. Qg3 b6 26. h4 Kb7 27. g5 c5
28. Bd2 g6 29. f6 Ne6 30. Bf4 Qc8 31. Qf3 Red8 32. Bg3 Qc6 33. Rd2 1/2-1/2

[Event "DFMM-LV"]
[Site "Braunfels"]
[Date "2013.06.02"]
[Round "5.6"]
[White "Alt, Barbara"]
[Black "Spiel, Marianne"]
[Result "0-1"]
[WhiteElo "1212"]
[BlackElo "1931"]
[PlyCount "30"]
[EventDate "2013.05.30"]
[EventType "team-swiss"]
[EventCountry "GER"]
[WhiteTeam "Saarland"]
[BlackTeam "Bayern"]
[WhiteTeamCountry "GER"]
[BlackTeamCountry "GER"]

1. e4 e6 2. d3 d5 3. Nd2 c5 4. Ngf3 Nc6 5. g3 Nf6 6. Bg2 Be7 7. O-O dxe4 8.
dxe4 e5 9. Qe2 O-O 10. h3 Qc7 11. a4 h6 12. Nc4 Be6 13. Nh2 Nd4 14. Qd3 Rad8
15. Qc3 Ne2+ 0-1

[Event "DFMM-LV"]
[Site "Braunfels"]
[Date "2013.06.02"]
[Round "5.7"]
[White "Niedermaier, Barbara"]
[Black "Tinnes, Marie Christine"]
[Result "1-0"]
[WhiteElo "1960"]
[BlackElo "1116"]
[PlyCount "41"]
[EventDate "2013.05.30"]
[EventType "team-swiss"]
[EventCountry "GER"]
[WhiteTeam "Bayern"]
[BlackTeam "Saarland"]
[WhiteTeamCountry "GER"]
[BlackTeamCountry "GER"]

1. e4 c6 2. d4 d5 3. exd5 cxd5 4. c4 e6 5. Nf3 Nf6 6. Nc3 Bb4 7. Bd2 Bxc3 8.
Bxc3 Nc6 9. Bd3 O-O 10. O-O Re8 11. Qc2 g6 12. Rfe1 b6 13. Rad1 Bb7 14. Ng5
dxc4 15. Bxc4 Nd5 16. Qd2 Nxc3 17. bxc3 Qf6 18. Ne4 Qe7 19. Qh6 Qf8 20. Nf6+
Kh8 21. Qxh7# 1-0

[Event "DFMM-LV"]
[Site "Braunfels"]
[Date "2013.06.02"]
[Round "5.8"]
[White "Lassotta, Anja"]
[Black "Lorenz, Oda"]
[Result "0-1"]
[WhiteElo "878"]
[BlackElo "1867"]
[PlyCount "58"]
[EventDate "2013.05.30"]
[EventType "team-swiss"]
[EventCountry "GER"]
[WhiteTeam "Saarland"]
[BlackTeam "Bayern"]
[WhiteTeamCountry "GER"]
[BlackTeamCountry "GER"]

1. e4 e5 2. Nf3 Nc6 3. Bc4 Nf6 4. Nc3 Bc5 5. d3 h6 6. Bd2 d6 7. Na4 Bb6 8. Nxb6
axb6 9. Qe2 Bg4 10. c3 O-O 11. O-O Ne7 12. Qe3 Ng6 13. d4 c6 14. Bb3 Nh5 15.
Bd1 Bxf3 16. Qxf3 Nhf4 17. g3 Nh3+ 18. Kh1 Ng5 19. Qg2 d5 20. Bc2 dxe4 21. Bxe4
Nxe4 22. Qxe4 exd4 23. cxd4 Re8 24. Qd3 Qd5+ 25. f3 Re6 26. a3 Rae8 27. h4 Ne5
28. Qc3 Nc4 29. Kh2 Nxd2 0-1

[Event "DFMM-LV"]
[Site "Braunfels"]
[Date "2013.06.02"]
[Round "5.1"]
[White "Kaulfuss, Christa"]
[Black "Juergens, Vera"]
[Result "0-1"]
[WhiteElo "1861"]
[BlackElo "2282"]
[PlyCount "70"]
[EventDate "2013.05.30"]
[EventType "team-swiss"]
[EventCountry "GER"]
[WhiteTeam "Hessen II"]
[BlackTeam "Hamburg"]
[WhiteTeamCountry "GER"]
[BlackTeamCountry "GER"]

1. e4 d5 2. Nc3 d4 3. Nce2 e5 4. Ng3 g6 5. Bc4 Bg7 6. d3 Nc6 7. Bd2 Nf6 8. Nf3
Qe7 9. O-O Be6 10. Bb3 O-O-O 11. h3 Nd7 12. Bxe6 Qxe6 13. Ng5 Qe7 14. f4 h6 15.
Nf3 exf4 16. Bxf4 Nc5 17. Qe1 Ne6 18. Bd2 Ne5 19. Qf2 Qd6 20. Ne2 Rd7 21. g3
Ng5 22. Nxg5 hxg5 23. Kg2 g4 24. Rh1 f5 25. Bf4 fxe4 26. hxg4 Rf8 27. Qe1 Qd5
28. Bxe5 e3+ 29. Kg1 Bxe5 30. c4 Qe6 31. Qb4 Rdf7 32. Qa5 Rf2 33. Qxa7 Qc6 34.
Rh2 Rxh2 35. Kxh2 Rh8+ 0-1

[Event "DFMM-LV"]
[Site "Braunfels"]
[Date "2013.06.02"]
[Round "5.2"]
[White "Ghader Pour, Shayesteh"]
[Black "Schneider, Sabrina"]
[Result "1-0"]
[WhiteElo "2242"]
[BlackElo "1651"]
[PlyCount "55"]
[EventDate "2013.05.30"]
[EventType "team-swiss"]
[EventCountry "GER"]
[WhiteTeam "Hamburg"]
[BlackTeam "Hessen II"]
[WhiteTeamCountry "GER"]
[BlackTeamCountry "GER"]

1. e4 e5 2. Nf3 Nc6 3. Bb5 Nf6 4. d3 d6 5. O-O Be7 6. c3 O-O 7. Re1 Bg4 8. Nbd2
a6 9. Ba4 Nd7 10. h3 Bxf3 11. Nxf3 b5 12. Bb3 Na5 13. Bc2 c5 14. d4 Rc8 15. b3
c4 16. b4 Nb7 17. a4 Qc7 18. Be3 exd4 19. Nxd4 Ne5 20. axb5 axb5 21. Nxb5 Qd7
22. Qd5 Qc6 23. Red1 Qxd5 24. exd5 Ra8 25. Na7 Nd8 26. b5 Nb7 27. b6 Rfb8 28.
Nc6 1-0